[Event "URU-ch 93rd"]
[Site "Montevideo"]
[Date "2023.04.02"]
[Round "3"]
[White "Elena, Eduardo"]
[Black "Coppola, Claudio"]
[Result "0-1"]
[WhiteElo "1915"]
[BlackElo "2296"]
[PlyCount "90"]
[EventDate "2023.03.31"]
[EventType "tourn"]
[EventRounds "11"]
[EventCountry "URU"]
[SourceTitle "CBM 213 Extra"]
[Source "ChessBase"]
[SourceDate "2023.05.31"]
[SourceVersion "1"]
[SourceVersionDate "2023.05.31"]
[SourceQuality "1"]

1. e4 c5 2. Nf3 d6 3. d4 cxd4 4. Nxd4 Nf6 5. Bd3 Nc6 6. Nxc6 bxc6 7. 0-0 g6 8. b3 Bg7 9. Bb2 0-0 10. Nd2 Qc7 11. h3 e5 12. Re1 d5 13. exd5 Nxd5 14. Nc4 f6 15. Qf3 Nb4 16. Rad1 Nxd3 17. Rxd3 e4 18. Rxe4 Bf5 19. Rd6 Bxe4 20. Qxe4 Rac8 21. Qe6+ Qf7 22. Qe3 Rfe8 23. Qd2 Qe7 24. Qf4 f5 25. Bxg7 Qxg7 26. Kh2 Qc7 27. Qd4 Re6 28. f4 Rxd6 29. Nxd6 Rd8 30. Qc4+ Kf8 31. Nb5 Qb6 32. Qb4+ Kg8 33. Qc4+ Kg7 34. Qc3+ Kh6 35. Na3 Qf2 36. Qg3 Qxg3+ 37. Kxg3 Rd2 38. Kf3 Kg7 39. g3 Kf6 40. h4 Ke6 41. Ke3 Rg2 42. Kf3 Rh2 43. b4 a6 44. c3 Rxa2 45. Nc4 Rc2 0-1

[Event "Montevideo Integracion 2nd"]
[Site "Montevideo"]
[Date "2022.12.02"]
[Round "6"]
[White "Hoffman, Alejandro"]
[Black "Coppola, Claudio"]
[Result "0-1"]
[WhiteElo "2372"]
[BlackElo "2302"]
[PlyCount "108"]
[EventDate "2022.11.28"]
[EventType "tourn"]
[EventRounds "9"]
[EventCountry "URU"]
[EventCategory "3"]
[SourceTitle "CBM 211 Extra"]
[Source "ChessBase"]
[SourceDate "2023.01.31"]
[SourceVersion "1"]
[SourceVersionDate "2023.01.31"]
[SourceQuality "1"]

1. d4 Nf6 2. Nf3 b6 3. c4 Bb7 4. Nc3 e6 5. a3 d5 6. Bg5 Be7 7. e3 0-0 8. Bxf6 Bxf6 9. cxd5 exd5 10. Qb3 c6 11. Rd1 Nd7 12. Bd3 g6 13. 0-0 Bg7 14. e4 dxe4 15. Nxe4 Nf6 16. Ne5 Qxd4 17. Nxf7 Rxf7 18. Bc4 Qxe4 19. Bxf7+ Kh8 20. Rfe1 Qh4 21. g3 Qh5 22. Re7 Ng4 23. h4 Qc5 24. Re2 Bd4 25. Qf3 Bxf2+ 26. Rxf2 Qxf2+ 27. Qxf2 Nxf2 28. Rd7 Bc8 29. Rd8+ Kg7 30. Be6 Ne4 31. Bxc8 Nxg3 32. Rd7+ Kh6 33. Bb7 Rf8 34. Bxc6 a5 35. Rb7 Rf6 36. Bd5 Nf5 37. Bg8 Nxh4 38. Rxh7+ Kg5 39. Bd5 Rd6 40. Bc4 Rd1+ 41. Kf2 Rd2+ 42. Ke3 Rxb2 43. a4 Nf5+ 44. Kd3 Nd6 45. Bb5 Rb4 46. Rd7 Nf5 47. Bc6 Kf4 48. Kc3 g5 49. Rd1 Ne3 50. Rd6 g4 51. Kd3 g3 52. Rf6+ Nf5 53. Bg2 Ke5 54. Rg6 Nh4 0-1